| 000 | 00484nam a2200193Ia 4500 | ||
|---|---|---|---|
| 005 | 20250522104238.0 | ||
| 008 | 008 250516s9999 xx 000 0 eng d | ||
| 020 | _a9780571333134 | ||
| 040 |
_aSDCL _beng _cSDCL |
||
| 041 |
_aeng _2eng |
||
| 084 |
_aO-,3N91, R1 LR _qSDCL |
||
| 100 | _aRooney, Sally | ||
| 245 | 0 | _aConversations with Friends | |
| 260 |
_aLondon: _bFaber & Faber, _c2021. |
||
| 300 | _a337p. | ||
| 365 |
_aINR _b599 |
||
| 650 | _aReference | ||
| 942 | _cTEXL | ||
| 999 |
_c1429673 _d1429673 |
||